000 00520nam a2200193Ia 4500
005 20260415160324.0
008 008 250505s9999 xx 000 0 eng d
037 _aTextual
040 _aFEDL
_beng
_cFEDL
041 _aeng
_2eng
084 _a170 CRO
_qFEDL
100 _aCroce Benedetto
245 0 _aPolitics and morals
260 _aLondon, UK
_bGeorge Allen and Unwin Ltd.
_c1946
300 _a138p.
650 _aEthics
942 _cTEXL
_h170 CRO
999 _c1321654
_d1321654